<?xml version="1.0" encoding="UTF-8"?>
<record
    xmlns:xsi="http://www.w3.org/2001/XMLSchema-instance"
    xsi:schemaLocation="http://www.loc.gov/MARC21/slim http://www.loc.gov/standards/marcxml/schema/MARC21slim.xsd"
    xmlns="http://www.loc.gov/MARC21/slim">

  <leader>02256    a2200241   4500</leader>
  <controlfield tag="001">57420</controlfield>
  <controlfield tag="005">20260407155835.0</controlfield>
  <controlfield tag="008">260407a2019    arg                 spa d</controlfield>
  <controlfield tag="003">AR-UNSa-BCEJYS</controlfield>
  <datafield tag="040" ind1=" " ind2=" ">
    <subfield code="a">AR-UNSa-BCEJYS</subfield>
    <subfield code="b">spa</subfield>
    <subfield code="c">AR-UNSa-BCEJYS</subfield>
  </datafield>
  <datafield tag="080" ind1=" " ind2=" ">
    <subfield code="a">342</subfield>
    <subfield code="x">Derecho constitucional (Derecho P&#xFA;blico)</subfield>
  </datafield>
  <datafield tag="245" ind1="1" ind2="0">
    <subfield code="a">Manual de derecho constitucional</subfield>
  </datafield>
  <datafield tag="020" ind1=" " ind2=" ">
    <subfield code="a">978-987-706-281-6</subfield>
  </datafield>
  <datafield tag="250" ind1=" " ind2=" ">
    <subfield code="a">3a. ed.</subfield>
  </datafield>
  <datafield tag="264" ind1=" " ind2="1">
    <subfield code="a">Buenos Aires :</subfield>
    <subfield code="b">Astrea</subfield>
    <subfield code="c">2019</subfield>
  </datafield>
  <datafield tag="300" ind1=" " ind2=" ">
    <subfield code="a">lvi, 775 p.</subfield>
    <subfield code="c">23 cm.</subfield>
  </datafield>
  <datafield tag="505" ind1=" " ind2=" ">
    <subfield code="a">1. El Constitucionalismo &#x2013; 2. Derecho constitucional: caracteres, dimensiones y desarrollo &#x2013; 3. Metodolog&#xED;a del derecho constitucional &#x2013; 4. Fuentes del derecho constitucional &#x2013; 5. Control de constitucionalidad &#x2013; 6. Proceso constitucional argentino &#x2013; 7. Fuentes del derecho constitucional argentino &#x2013; 8. Sistema constitucional argentino. La Argentina como estado &#x2013; 9. Elementos constitucionales del estado argentino &#x2013; 10. Poderes del estado. Constituyente y electoral &#x2013; 11. Congreso de la naci&#xF3;n &#x2013; 12. Operatividad del congreso &#x2013; 13. Poder ejecutivo. Estructura e integraci&#xF3;n. Operatividad &#x2013; 14. Poder judicial y ministerio p&#xFA;blico &#x2013; 15. Relaciones y controles entre los poderes del gobierno federal &#x2013; 16. Poder provincial &#x2013; 17. Competencia de los gobiernos federal y provinciales &#x2013; 18. Poder municipal &#x2013; 19. Derechos constitucionales &#x2013; 20. Derecho a la condici&#xF3;n humana &#x2013; 21. Derecho a la seguridad &#x2013; 22. Derecho a la privacidad &#x2013; 23. Derecho de libertad f&#xED;sica y de locomoci&#xF3;n &#x2013; 24. Derecho de pensamiento y expresi&#xF3;n &#x2013; 25. Derecho a la libertad de conciencia de culto &#x2013; 26. Derecho de reuni&#xF3;n &#x2013; 27. Derecho de asociaci&#xF3;n &#x2013; 28. Derecho de peticionar &#x2013; 29. Derecho de ense&#xF1;ar y de aprender &#x2013; 30. Derecho a la igualdad &#x2013; 31. Derecho econ&#xF3;mico-sociales &#x2013; 32. Derecho constitucional de la familia &#x2013; 33. Derechos procesales y penales &#x2013; 34. Derechos pol&#xED;ticos &#x2013; 35. Reglamentaciones y limitaciones a los derechos &#x2013; 36. Deberes constitucionales </subfield>
  </datafield>
  <datafield tag="041" ind1=" " ind2=" ">
    <subfield code="a">spa</subfield>
  </datafield>
  <datafield tag="942" ind1=" " ind2=" ">
    <subfield code="c">BK</subfield>
  </datafield>
  <datafield tag="590" ind1=" " ind2=" ">
    <subfield code="a">niveau_biblio:m niveau_hierar:0</subfield>
  </datafield>
  <datafield tag="100" ind1="1" ind2=" ">
    <subfield code="a">Sag&#xFC;&#xE9;s, N&#xE9;stor Pedro</subfield>
  </datafield>
  <datafield tag="856" ind1="4" ind2="1">
    <subfield code="u">https://biblioeco.unsa.edu.ar/pmb/images/libros/L128771.jpg</subfield>
    <subfield code="y">Imagen de portada</subfield>
    <subfield code="q">image/jpeg</subfield>
  </datafield>
  <datafield tag="999" ind1=" " ind2=" ">
    <subfield code="c">6202</subfield>
    <subfield code="d">6202</subfield>
  </datafield>
  <datafield tag="952" ind1=" " ind2=" ">
    <subfield code="0">0</subfield>
    <subfield code="1">0</subfield>
    <subfield code="4">0</subfield>
    <subfield code="7">0</subfield>
    <subfield code="a">BCEJYS</subfield>
    <subfield code="b">BCEJYS</subfield>
    <subfield code="c">16</subfield>
    <subfield code="d">2026-04-07</subfield>
    <subfield code="l">0</subfield>
    <subfield code="o">342 S129m 3ed.</subfield>
    <subfield code="p">L128771</subfield>
    <subfield code="r">2026-04-07 15:58:35</subfield>
    <subfield code="w">2026-04-07</subfield>
    <subfield code="y">L</subfield>
    <subfield code="z">CANTO LATERAL CON MANCHITA</subfield>
  </datafield>
  <datafield tag="952" ind1=" " ind2=" ">
    <subfield code="0">0</subfield>
    <subfield code="1">0</subfield>
    <subfield code="4">0</subfield>
    <subfield code="7">0</subfield>
    <subfield code="a">BCEJYS</subfield>
    <subfield code="b">BCEJYS</subfield>
    <subfield code="c">16</subfield>
    <subfield code="d">2026-04-07</subfield>
    <subfield code="l">0</subfield>
    <subfield code="o">342 S129m 3ed.</subfield>
    <subfield code="p">L128772</subfield>
    <subfield code="r">2026-04-07 15:58:35</subfield>
    <subfield code="w">2026-04-07</subfield>
    <subfield code="y">L</subfield>
    <subfield code="z">CANTO INFERIOR UN POCO MANCHADO - L&#xC1;PIZ - </subfield>
  </datafield>
  <datafield tag="952" ind1=" " ind2=" ">
    <subfield code="0">0</subfield>
    <subfield code="1">0</subfield>
    <subfield code="4">0</subfield>
    <subfield code="7">0</subfield>
    <subfield code="a">BCEJYS</subfield>
    <subfield code="b">BCEJYS</subfield>
    <subfield code="c">16</subfield>
    <subfield code="d">2026-04-07</subfield>
    <subfield code="l">0</subfield>
    <subfield code="o">342 S129m 3ed.</subfield>
    <subfield code="p">L128773</subfield>
    <subfield code="r">2026-04-07 15:58:35</subfield>
    <subfield code="w">2026-04-07</subfield>
    <subfield code="y">L</subfield>
    <subfield code="z">CANTO LATERAL MANCHADO - L&#xC1;PIZ LEVE (DESDE P&#xC1;G 643 A 645 Y DESDE P&#xC1;G 579 A 588) - PAG. 753 MANCHADA - </subfield>
  </datafield>
  <datafield tag="952" ind1=" " ind2=" ">
    <subfield code="0">0</subfield>
    <subfield code="1">0</subfield>
    <subfield code="4">0</subfield>
    <subfield code="7">0</subfield>
    <subfield code="a">BCEJYS</subfield>
    <subfield code="b">BCEJYS</subfield>
    <subfield code="c">16</subfield>
    <subfield code="d">2026-04-07</subfield>
    <subfield code="l">0</subfield>
    <subfield code="o">342 S129m 3ed.</subfield>
    <subfield code="p">L129043</subfield>
    <subfield code="r">2026-04-07 15:58:36</subfield>
    <subfield code="w">2026-04-07</subfield>
    <subfield code="y">L</subfield>
    <subfield code="z">P&#xC1;G. 625 A 637 ARRUGADAS Y MANCHADAS - CANTO MANCHADO</subfield>
  </datafield>
</record>
